[Event "BCF-chT 2122 (4NCL)"]
[Site "England"]
[Date "2022.04.30"]
[Round "7.15"]
[White "Astaneh Lopez, Alex"]
[Black "Harvey, Marcus Ross"]
[Result "1/2-1/2"]
[WhiteElo "2430"]
[BlackElo "2464"]
[PlyCount "33"]
[EventDate "2021.11.27"]
[EventType "team-swiss"]
[EventRounds "11"]
[EventCountry "ENG"]
[SourceTitle "EXT 2023"]
[Source "ChessBase"]
[SourceDate "2022.10.05"]
[SourceVersion "1"]
[SourceVersionDate "2022.10.05"]
[SourceQuality "1"]
[WhiteTeam "Cheddleton"]
[BlackTeam "Wood Green"]
[WhiteTeamCountry "ENG"]
[BlackTeamCountry "ENG"]

1. d4 Nf6 2. Nf3 e6 3. c4 b6 4. Nc3 Bb7 5. a3 d5 6. Bg5 Be7 7. Bxf6 Bxf6 8. cxd5 exd5 9. g3 0-0 10. Bg2 Re8 11. 0-0 c5 12. e3 Na6 13. Qa4 Rc8 14. Rfd1 cxd4 15. exd4 Re7 16. Re1 Qe8 17. Qb3 1/2-1/2

[Event "Nancy Blitz 19th"]
[Site "Nancy"]
[Date "2021.10.23"]
[Round "4"]
[White "Astaneh Lopez, Alex"]
[Black "Thiercelin, Jerome"]
[Result "1-0"]
[WhiteElo "2430"]
[BlackElo "2013"]
[PlyCount "111"]
[EventDate "2021.10.23"]
[EventType "swiss (blitz)"]
[EventRounds "11"]
[EventCountry "FRA"]
[SourceTitle "CBM 204 Extra"]
[Source "ChessBase"]
[SourceDate "2021.11.30"]
[SourceVersion "1"]
[SourceVersionDate "2021.11.30"]
[SourceQuality "1"]

1. d4 Nf6 2. Bf4 d5 3. e3 g6 4. Nf3 Bg7 5. h3 a6 6. c3 Nc6 7. Nbd2 0-0 8. Be2 Re8 9. 0-0 Bf5 10. Ne5 Nxe5 11. Bxe5 Nd7 12. Bxg7 Kxg7 13. g4 Be6 14. e4 dxe4 15. Nxe4 Nf6 16. Ng5 Qd7 17. Nf3 h5 18. Ne5 Qd6 19. f4 hxg4 20. hxg4 Rh8 21. Bf3 Bd5 22. Kg2 Rh4 23. Bxd5 Nxd5 24. Qf3 Rah8 25. Rh1 f6 26. Rxh4 Rxh4 27. Qg3 fxe5 28. Qxh4 Nxf4+ 29. Kh2 exd4 30. Qg3 e5 31. Rd1 Qb6 32. Rd2 dxc3 33. bxc3 Qb1 34. Rd7+ Kf8 35. Rd8+ Kf7 36. Rd7+ Ke6 37. Rd2 Qe4 38. g5 Qf5 39. Rf2 Qf7 40. Qg4+ Kd6 41. Rd2+ Kc6 42. Qf3+ Kb6 43. Qe3+ c5 44. Rd6+ Kb5 45. a4+ Kxa4 46. Qxc5 Qh7+ 47. Kg1 Ne2+ 48. Kf1 Qh1+ 49. Kxe2 Qe4+ 50. Qe3 Qg2+ 51. Qf2 Qe4+ 52. Kd2 b5 53. Rxa6+ Kb3 54. Rd6 Qc2+ 55. Ke3 Qxc3+ 56. Rd3 1-0

[Event "Titled Tuesday intern op 09th Feb"]
[Site "Chess.com INT"]
[Date "2021.02.09"]
[Round "8"]
[White "Griffith, Kyron"]
[Black "Astaneh Lopez, Alex"]
[Result "1/2-1/2"]
[WhiteElo "2372"]
[BlackElo "2430"]
[PlyCount "150"]
[EventDate "2021.02.09"]
[EventType "swiss (blitz)"]
[EventRounds "11"]
[EventCountry "USA"]
[SourceTitle "EXT 2022"]
[Source "ChessBase"]
[SourceDate "2021.10.06"]
[SourceVersion "1"]
[SourceVersionDate "2021.10.06"]
[SourceQuality "1"]

1. e4 c6 2. d4 d5 3. e5 c5 4. dxc5 Nc6 5. a3 Nxe5 6. b4 g6 7. Bb2 Bg7 8. Qc1 d4 9. Nd2 Nh6 10. Ngf3 Nxf3+ 11. Nxf3 0-0 12. Bc4 Bg4 13. Nd2 Qd7 14. 0-0 Rac8 15. Re1 b6 16. Nb3 e5 17. h3 Bf5 18. a4 Rfd8 19. Bb5 Qd5 20. a5 bxc5 21. Nxc5 Rb8 22. Bf1 Rxb4 23. Ba3 Qxc5 24. Qd2 Bf8 25. Rab1 Rdb8 26. Rxb4 Rxb4 27. Rb1 Qxc2 28. Qxc2 Bxc2 29. Rxb4 Bxb4 30. Bxb4 Nf5 31. f3 Ne3 32. Bb5 Nd5 33. Bd2 Nc3 34. Bc4 Ba4 35. Kf2 Bb5 36. Bb3 a6 37. g4 e4 38. fxe4 Nxe4+ 39. Ke1 Nxd2 40. Kxd2 Kg7 41. h4 Kf6 42. g5+ Kf5 43. Bxf7 Kg4 44. Bg8 Be8 45. Kd3 Kxh4 46. Kxd4 Kxg5 47. Bxh7 Bf7 48. Kc5 Kh6 49. Bxg6 Kxg6 50. Kb4 Kf5 51. Ka3 Ke4 52. Kb2 Kd3 53. Ka1 Kc3 54. Kb1 Kb3 55. Ka1 Ka3 56. Kb1 Be6 57. Ka1 Bd5 58. Kb1 Bc6 59. Ka1 Bb5 60. Kb1 Ba4 61. Ka1 Bb3 62. Kb1 Kb4 63. Ka1 Bc4 64. Kb1 Bb5 65. Ka1 Kc5 66. Kb1 Kc6 67. Ka1 Bc4 68. Kb1 Bd5 69. Ka1 Kb5 70. Kb1 Kxa5 71. Ka1 Kb4 72. Kb1 Kb3 73. Ka1 Ka3 74. Kb1 Bb3 75. Ka1 Ba2 1/2-1/2

[Event "Titled Tuesday intern op 12th Jan"]
[Site "Chess.com INT"]
[Date "2021.01.12"]
[Round "3"]
[White "Astaneh Lopez, Alex"]
[Black "Livaic, Leon"]
[Result "1-0"]
[WhiteElo "2430"]
[BlackElo "2507"]
[PlyCount "61"]
[EventDate "2021.01.12"]
[EventType "swiss (blitz)"]
[EventRounds "11"]
[EventCountry "USA"]
[SourceTitle "CBM 200 Extra"]
[Source "ChessBase"]
[SourceDate "2021.03.31"]
[SourceVersion "1"]
[SourceVersionDate "2021.03.31"]
[SourceQuality "1"]

1. d4 d5 2. Bf4 Bf5 3. e3 e6 4. c4 Bxb1 5. Qa4+ c6 6. Rxb1 Bd6 7. Bg3 Nf6 8. Nf3 Bxg3 9. hxg3 Nbd7 10. Be2 h6 11. Qc2 a5 12. b3 Qe7 13. 0-0 0-0 14. Rfd1 Rfe8 15. Qb2 e5 16. dxe5 Nxe5 17. Nxe5 Qxe5 18. Rd4 c5 19. Rd2 Qxb2 20. Rbxb2 Rad8 21. Bf3 d4 22. exd4 Re1+ 23. Kh2 cxd4 24. Rd3 b6 25. Rbd2 Ra1 26. a4 Rb1 27. Bd1 Ne4 28. Rxd4 Rxd4 29. Rxd4 Nxf2 30. Rd8+ Kh7 31. Bc2+ 1-0

[Event "Titled Tuesday intern op 12th Jan"]
[Site "Chess.com INT"]
[Date "2021.01.12"]
[Round "9"]
[White "Astaneh Lopez, Alex"]
[Black "Romanchuk, Viktor"]
[Result "1-0"]
[WhiteElo "2430"]
[BlackElo "2258"]
[PlyCount "67"]
[EventDate "2021.01.12"]
[EventType "swiss (blitz)"]
[EventRounds "11"]
[EventCountry "USA"]
[SourceTitle "CBM 200 Extra"]
[Source "ChessBase"]
[SourceDate "2021.03.31"]
[SourceVersion "1"]
[SourceVersionDate "2021.03.31"]
[SourceQuality "1"]

1. e4 d5 2. exd5 Qxd5 3. Nf3 Bg4 4. Be2 Nc6 5. 0-0 e5 6. h3 Bh5 7. Re1 f6 8. Nxe5 Bxe2 9. Nxc6 Qxc6 10. Qxe2+ Kf7 11. d4 Re8 12. Be3 Bd6 13. c4 b6 14. Nd2 h5 15. Nf3 g5 16. d5 Qd7 17. Nd4 g4 18. Ne6 gxh3 19. gxh3 Ne7 20. Qf3 Reg8+ 21. Kh1 Be5 22. Bxb6 Bxb2 23. Bd4 Bxd4 24. Nxd4 Rg5 25. Ne6 Rf5 26. Qe3 Re5 27. Qf3 Rf5 28. Qe4 Re5 29. Qd4 Rg8 30. Rxe5 fxe5 31. Qxe5 Qd6 32. Qxd6 cxd6 33. Rb1 Rb8 34. Rxb8 1-0

[Event "Titled Tuesday intern op 12th Jan"]
[Site "Chess.com INT"]
[Date "2021.01.12"]
[Round "8"]
[White "Dobrikov, Marco"]
[Black "Astaneh Lopez, Alex"]
[Result "0-1"]
[WhiteElo "2301"]
[BlackElo "2430"]
[PlyCount "82"]
[EventDate "2021.01.12"]
[EventType "swiss (blitz)"]
[EventRounds "11"]
[EventCountry "USA"]
[SourceTitle "CBM 200 Extra"]
[Source "ChessBase"]
[SourceDate "2021.03.31"]
[SourceVersion "1"]
[SourceVersionDate "2021.03.31"]
[SourceQuality "1"]

1. e4 c6 2. Nf3 d5 3. Nc3 Nf6 4. e5 Ne4 5. Ne2 Qb6 6. d4 e6 7. c3 c5 8. Ng3 Nc6 9. Bd3 Nxg3 10. fxg3 cxd4 11. cxd4 Bd7 12. 0-0 Be7 13. Kh1 f5 14. exf6 Bxf6 15. Ng5 Qxd4 16. Nxh7 0-0-0 17. Nxf6 gxf6 18. Be2 e5 19. Rxf6 e4 20. Qxd4 Nxd4 21. Bd1 Rdf8 22. Bg5 Ne6 23. Rxf8+ Rxf8 24. Rc1+ Kb8 25. Bg4 Nxg5 26. Bxd7 d4 27. Kg1 d3 28. h4 d2 29. Rd1 e3 30. Bg4 Ne4 31. h5 Nf2 32. Be2 Nxd1 33. Bxd1 Rf2 34. h6 e2 35. Kxf2 exd1Q 36. h7 Qe1+ 37. Kf3 Qe8 38. Kf4 d1Q 39. Kg5 Qd6 40. h8Q Qdg6+ 41. Kh4 Qxh8# 0-1

[Event "Titled Tuesday intern op 12th Jan"]
[Site "Chess.com INT"]
[Date "2021.01.12"]
[Round "11"]
[White "Navara, David"]
[Black "Astaneh Lopez, Alex"]
[Result "1-0"]
[WhiteElo "2697"]
[BlackElo "2430"]
[PlyCount "51"]
[EventDate "2021.01.12"]
[EventType "swiss (blitz)"]
[EventRounds "11"]
[EventCountry "USA"]
[SourceTitle "CBM 200 Extra"]
[Source "ChessBase"]
[SourceDate "2021.03.31"]
[SourceVersion "1"]
[SourceVersionDate "2021.03.31"]
[SourceQuality "1"]

1. d4 Nf6 2. c4 e6 3. Nc3 d5 4. cxd5 Nxd5 5. e3 c6 6. Bd3 b6 7. Nf3 Ba6 8. Bxa6 Nxa6 9. e4 Nxc3 10. bxc3 Nc7 11. Ne5 Qd6 12. Qf3 f6 13. Qh5+ g6 14. Nxg6 hxg6 15. Qxh8 Kf7 16. Qh7+ Bg7 17. Bh6 Rg8 18. h4 Ne8 19. h5 g5 20. e5 Qa3 21. 0-0 Kf8 22. f4 Qxc3 23. Rad1 Qe3+ 24. Kh1 f5 25. Bxg5 Rh8 26. Qg6 1-0

[Event "Titled Tuesday intern op 29th Dec"]
[Site "Chess.com INT"]
[Date "2020.12.29"]
[Round "3"]
[White "Astaneh Lopez, Alex"]
[Black "Sorensen, Hampus"]
[Result "1-0"]
[WhiteElo "2430"]
[BlackElo "2395"]
[PlyCount "105"]
[EventDate "2020.12.29"]
[EventType "swiss (blitz)"]
[EventRounds "11"]
[EventCountry "USA"]
[SourceTitle "CBM 200 Extra"]
[Source "ChessBase"]
[SourceDate "2021.03.31"]
[SourceVersion "1"]
[SourceVersionDate "2021.03.31"]
[SourceQuality "1"]

1. e4 e5 2. Nf3 Nc6 3. Bc4 Bc5 4. 0-0 Nf6 5. Re1 0-0 6. c3 d6 7. d4 Bb6 8. Bg5 h6 9. Bh4 Bg4 10. h3 Bxf3 11. Qxf3 exd4 12. Bb3 Ne5 13. Qf5 Qd7 14. Bxf6 Qxf5 15. exf5 gxf6 16. Rd1 dxc3 17. Nxc3 Rfd8 18. Rac1 Kg7 19. Nd5 c6 20. Nf4 d5 21. Nh5+ Kh8 22. Nxf6 Nd7 23. Nh5 Re8 24. Re1 Nc5 25. Nf6 Rxe1+ 26. Rxe1 Kg7 27. Nh5+ Kf8 28. Bc2 Re8 29. Kf1 Rxe1+ 30. Kxe1 Nd7 31. Ke2 Bd4 32. b3 Nf6 33. Nf4 Be5 34. Nd3 Bd4 35. f3 Ke7 36. g4 c5 37. Nf4 b5 38. h4 Be5 39. Nd3 Bd4 40. g5 hxg5 41. hxg5 Nd7 42. f6+ Kd6 43. f4 c4 44. Ne1 a5 45. Bf5 Nf8 46. Nf3 Ba1 47. a4 cxb3 48. axb5 a4 49. b6 a3 50. Nd2 b2 51. Bb1 Kc6 52. Ba2 Kxb6 53. Bxd5 1-0

[Event "Titled Tuesday intern op 24th Nov"]
[Site "Chess.com INT"]
[Date "2020.11.24"]
[Round "7"]
[White "Astaneh Lopez, Alex"]
[Black "Le Goff, Ronan"]
[Result "1-0"]
[WhiteElo "2430"]
[BlackElo "2288"]
[PlyCount "47"]
[EventDate "2020.11.24"]
[EventType "swiss (blitz)"]
[EventRounds "11"]
[EventCountry "USA"]
[SourceTitle "CBM 199 Extra"]
[Source "ChessBase"]
[SourceDate "2021.01.31"]
[SourceVersion "1"]
[SourceVersionDate "2021.01.31"]
[SourceQuality "1"]

1. e4 e5 2. Nf3 Nc6 3. Bc4 Nf6 4. d4 exd4 5. 0-0 Nxe4 6. Re1 d5 7. Bxd5 Qxd5 8. Nc3 Qa5 9. Nxe4 Be6 10. Neg5 0-0-0 11. Nxe6 fxe6 12. Rxe6 h6 13. Bd2 Qd5 14. Qe2 g5 15. Re1 Bd6 16. c4 dxc3 17. Bxc3 Rhf8 18. Rxh6 g4 19. Nd2 Bc5 20. Ne4 Bb6 21. Nf6 Qf5 22. Nxg4 Kb8 23. Rf6 Bxf2+ 24. Qxf2 1-0

[Event "Titled Tuesday intern op 24th Nov"]
[Site "Chess.com INT"]
[Date "2020.11.24"]
[Round "4"]
[White "Astaneh Lopez, Alex"]
[Black "Smirnov, Pavel"]
[Result "0-1"]
[WhiteElo "2430"]
[BlackElo "2544"]
[PlyCount "70"]
[EventDate "2020.11.24"]
[EventType "swiss (blitz)"]
[EventRounds "11"]
[EventCountry "USA"]
[SourceTitle "CBM 199 Extra"]
[Source "ChessBase"]
[SourceDate "2021.01.31"]
[SourceVersion "1"]
[SourceVersionDate "2021.01.31"]
[SourceQuality "1"]

1. d4 Nf6 2. Bf4 e6 3. e3 c5 4. Nf3 cxd4 5. exd4 b6 6. c3 Be7 7. Bd3 Ba6 8. Bxa6 Nxa6 9. 0-0 0-0 10. Qd3 Nc7 11. c4 d5 12. b3 Bd6 13. Bg5 h6 14. Bh4 Rc8 15. Nc3 dxc4 16. bxc4 Be7 17. Rfd1 Nh5 18. Bxe7 Qxe7 19. d5 exd5 20. cxd5 Nf4 21. Qf5 Qb4 22. Ne4 Ncxd5 23. Rxd5 Nxd5 24. Qxd5 Rfd8 25. Qf5 Qb2 26. Rf1 Rc1 27. g3 Rxf1+ 28. Kxf1 Qxa2 29. Ne5 Qd5 30. f3 Re8 31. f4 Rd8 32. Kg2 b5 33. Kh3 b4 34. Kg4 b3 35. Nc3 Qe6 0-1

[Event "Titled Tuesday intern op 24th Nov"]
[Site "Chess.com INT"]
[Date "2020.11.24"]
[Round "3"]
[White "Dvirnyy, Danyyil"]
[Black "Astaneh Lopez, Alex"]
[Result "0-1"]
[WhiteElo "2485"]
[BlackElo "2430"]
[PlyCount "50"]
[EventDate "2020.11.24"]
[EventType "swiss (blitz)"]
[EventRounds "11"]
[EventCountry "USA"]
[SourceTitle "CBM 199 Extra"]
[Source "ChessBase"]
[SourceDate "2021.01.31"]
[SourceVersion "1"]
[SourceVersionDate "2021.01.31"]
[SourceQuality "1"]

1. e4 e5 2. Nf3 Nc6 3. Bb5 Nf6 4. d3 Bc5 5. c3 0-0 6. 0-0 Re8 7. Nbd2 a6 8. Ba4 Bf8 9. Re1 d6 10. Nf1 Bd7 11. Bg5 h6 12. Bh4 Be7 13. d4 Nh7 14. Bg3 Bf6 15. h3 Nf8 16. Qd2 exd4 17. Nxd4 Nxd4 18. Bxd7 Nf3+ 19. gxf3 Qxd7 20. Kg2 Rad8 21. Ne3 c6 22. Rad1 Qe6 23. c4 Be5 24. f4 Bxf4 25. Ng4 Bxd2 0-1

[Event "Titled Tuesday intern op 24th Nov"]
[Site "Chess.com INT"]
[Date "2020.11.24"]
[Round "6"]
[White "Shapiro, David"]
[Black "Astaneh Lopez, Alex"]
[Result "0-1"]
[WhiteElo "2399"]
[BlackElo "2430"]
[PlyCount "76"]
[EventDate "2020.11.24"]
[EventType "swiss (blitz)"]
[EventRounds "11"]
[EventCountry "USA"]
[SourceTitle "CBM 199 Extra"]
[Source "ChessBase"]
[SourceDate "2021.01.31"]
[SourceVersion "1"]
[SourceVersionDate "2021.01.31"]
[SourceQuality "1"]

1. d4 Nf6 2. c4 e6 3. Nf3 Bb4+ 4. Nbd2 0-0 5. e3 c5 6. a3 Bxd2+ 7. Bxd2 Ne4 8. Bd3 d5 9. cxd5 Nxd2 10. Qxd2 Qxd5 11. Qc2 cxd4 12. Bxh7+ Kh8 13. Be4 Qd6 14. Nxd4 f5 15. Bf3 Nd7 16. 0-0 Ne5 17. Rfd1 Qe7 18. Rac1 Qf6 19. Qc7 Bd7 20. Bxb7 Rae8 21. Nf3 Nxf3+ 22. Bxf3 Ba4 23. Rd4 Bb5 24. a4 Ba6 25. Qxa7 e5 26. Rb4 e4 27. Rb6 Qg5 28. Qxa6 exf3 29. Rg6 Qh5 30. Rg3 fxg2 31. Kxg2 Re4 32. Rc4 Rf6 33. Qa8+ Re8 34. Qf3 Qf7 35. Rh3+ Kg8 36. Qh5 Rg6+ 37. Kh1 Qd5+ 38. Rf3 Qd1# 0-1

[Event "Titled Tuesday intern op 17th Nov"]
[Site "Chess.com INT"]
[Date "2020.11.17"]
[Round "8"]
[White "Ivic, Velimir"]
[Black "Astaneh Lopez, Alex"]
[Result "1-0"]
[WhiteElo "2581"]
[BlackElo "2430"]
[PlyCount "47"]
[EventDate "2020.11.17"]
[EventType "swiss (blitz)"]
[EventRounds "11"]
[EventCountry "USA"]
[SourceTitle "CBM 199 Extra"]
[Source "ChessBase"]
[SourceDate "2021.01.31"]
[SourceVersion "1"]
[SourceVersionDate "2021.01.31"]
[SourceQuality "1"]

1. e4 c6 2. Nc3 d5 3. Nf3 dxe4 4. Nxe4 Nf6 5. Qe2 Nxe4 6. Qxe4 Qa5 7. Bc4 Bf5 8. Qe2 e6 9. 0-0 Bg4 10. h3 Bh5 11. d4 Nd7 12. Bxe6 fxe6 13. Qxe6+ Be7 14. Bg5 Nf6 15. Rfe1 Qd8 16. Bxf6 gxf6 17. Nh4 Kf8 18. Nf5 Bb4 19. c3 Ba5 20. Ne7 Kg7 21. Nf5+ Kf8 22. Qe3 h6 23. Qg3 Qe7 24. Rxe7 1-0

[Event "Titled Tuesday intern op 17th Nov"]
[Site "Chess.com INT"]
[Date "2020.11.17"]
[Round "2"]
[White "Yoo, Christopher Woojin"]
[Black "Astaneh Lopez, Alex"]
[Result "1-0"]
[WhiteElo "2455"]
[BlackElo "2430"]
[PlyCount "113"]
[EventDate "2020.11.17"]
[EventType "swiss (blitz)"]
[EventRounds "11"]
[EventCountry "USA"]
[SourceTitle "CBM 199 Extra"]
[Source "ChessBase"]
[SourceDate "2021.01.31"]
[SourceVersion "1"]
[SourceVersionDate "2021.01.31"]
[SourceQuality "1"]

1. e4 c6 2. Nc3 d5 3. Qf3 d4 4. Bc4 Nf6 5. e5 dxc3 6. exf6 exf6 7. dxc3 Bd6 8. Ne2 0-0 9. Bf4 Bxf4 10. Qxf4 Be6 11. Bxe6 fxe6 12. Rd1 Qe7 13. 0-0 e5 14. Qg4 f5 15. Qc4+ Qf7 16. Qxf7+ Rxf7 17. Rd8+ Rf8 18. Rfd1 Na6 19. Rxa8 Rxa8 20. Rd7 Nc5 21. Re7 Rd8 22. f3 Rd2 23. Re8+ Kf7 24. Rxe5 Rxc2 25. Rxf5+ Kg6 26. Nd4 Rc1+ 27. Kf2 Nd3+ 28. Kg3 c5 29. Rd5 cxd4 30. Rxd4 Nxb2 31. Rd6+ Kf7 32. Rd7+ Kf6 33. Rxb7 Nc4 34. Rxa7 Rxc3 35. Rc7 Rc2 36. a4 Ne3 37. Rxc2 Nxc2 38. a5 Nb4 39. Kf4 Ke6 40. h4 Kd5 41. g4 Ke6 42. h5 h6 43. g5 Nd5+ 44. Kg4 Ne3+ 45. Kf4 Nd5+ 46. Kg4 Nc7 47. f4 Nd5 48. a6 Nb6 49. a7 Na8 50. f5+ Ke5 51. f6 gxf6 52. gxh6 f5+ 53. Kg5 Nc7 54. h7 Ne6+ 55. Kh6 f4 56. h8Q+ Kf5 57. a8Q 1-0

[Event "Titled Tuesday intern op 20th Oct"]
[Site "Chess.com INT"]
[Date "2020.10.20"]
[Round "11"]
[White "Astaneh Lopez, Alex"]
[Black "Erdogdu, Mert"]
[Result "1-0"]
[WhiteElo "2430"]
[BlackElo "2396"]
[PlyCount "89"]
[EventDate "2020.10.20"]
[EventType "swiss (blitz)"]
[EventRounds "11"]
[EventCountry "USA"]
[SourceTitle "EXT 2022"]
[Source "ChessBase"]
[SourceDate "2021.10.06"]
[SourceVersion "1"]
[SourceVersionDate "2021.10.06"]
[SourceQuality "1"]

1. e4 c5 2. Nf3 d6 3. c3 Nf6 4. Be2 Bd7 5. d3 g6 6. Nbd2 Bg7 7. 0-0 0-0 8. Re1 e5 9. Nc4 Be6 10. Bf1 Nc6 11. Bg5 h6 12. Bh4 Qc7 13. Qc1 Nh5 14. Ne3 Nf4 15. Bg3 Ne7 16. d4 cxd4 17. cxd4 Qxc1 18. Raxc1 Rfc8 19. d5 Bd7 20. Nd2 Rxc1 21. Rxc1 Rc8 22. Rxc8+ Nxc8 23. f3 h5 24. Bf2 Bf6 25. h4 Bd8 26. Kh2 g5 27. hxg5 Bxg5 28. g3 Ng6 29. Bh3 Bxh3 30. Kxh3 Kf8 31. Ndc4 Bd8 32. Nf5 Bc7 33. a4 b6 34. Be3 Ke8 35. Ng7+ Kd7 36. Nxh5 a6 37. Nf6+ Ke7 38. Bg5 Kf8 39. Kg4 b5 40. axb5 axb5 41. Na3 b4 42. Nc4 Nb6 43. Nxb6 Bxb6 44. Nd7+ Kg7 45. Nxb6 1-0

[Event "Titled Tuesday intern op 20th Oct"]
[Site "Chess.com INT"]
[Date "2020.10.20"]
[Round "1"]
[White "Astaneh Lopez, Alex"]
[Black "Stalmach, Richard"]
[Result "1-0"]
[WhiteElo "2430"]
[BlackElo "2296"]
[PlyCount "57"]
[EventDate "2020.10.20"]
[EventType "swiss (blitz)"]
[EventRounds "11"]
[EventCountry "USA"]
[SourceTitle "EXT 2022"]
[Source "ChessBase"]
[SourceDate "2021.10.06"]
[SourceVersion "1"]
[SourceVersionDate "2021.10.06"]
[SourceQuality "1"]

1. d4 g6 2. Nf3 Bg7 3. Nc3 d5 4. e4 dxe4 5. Nxe4 Nf6 6. Nxf6+ Bxf6 7. h3 0-0 8. c3 c5 9. dxc5 Nd7 10. Be3 Qc7 11. Qd5 a5 12. Bb5 a4 13. 0-0-0 a3 14. Bxd7 axb2+ 15. Kb1 Rd8 16. c6 bxc6 17. Qxc6 Qa5 18. a4 Ba6 19. Bb6 Qxc3 20. Qxc3 Bxc3 21. Bxd8 Rxd8 22. Bb5 Rxd1+ 23. Rxd1 Bb7 24. Rd7 Be4+ 25. Bd3 Bc6 26. Rc7 Bxf3 27. gxf3 Be5 28. Rxe7 Bf6 29. Rd7 1-0

[Event "Titled Tuesday intern op 20th Oct"]
[Site "Chess.com INT"]
[Date "2020.10.20"]
[Round "3"]
[White "Tereladze, Sopiko"]
[Black "Astaneh Lopez, Alex"]
[Result "0-1"]
[WhiteElo "2141"]
[BlackElo "2430"]
[PlyCount "106"]
[EventDate "2020.10.20"]
[EventType "swiss (blitz)"]
[EventRounds "11"]
[EventCountry "USA"]
[SourceTitle "EXT 2022"]
[Source "ChessBase"]
[SourceDate "2021.10.06"]
[SourceVersion "1"]
[SourceVersionDate "2021.10.06"]
[SourceQuality "1"]

1. d4 Nf6 2. Nf3 g6 3. Bf4 Bg7 4. e3 d6 5. Be2 0-0 6. h3 c5 7. c3 b6 8. 0-0 Bb7 9. a4 Nbd7 10. Na3 a6 11. Qc2 Rc8 12. Rad1 Rc7 13. Bh2 Qa8 14. Nc4 Rb8 15. a5 b5 16. Nb6 Nxb6 17. axb6 Rc6 18. dxc5 Rxc5 19. Qb3 Bd5 20. Qa3 Rxb6 21. Ra1 Bb7 22. Rfd1 Qc8 23. Bf4 Nd5 24. Bg3 b4 25. cxb4 Nxb4 26. Nd4 Nc2 27. Nxc2 Rxc2 28. Bd3 Bxb2 29. Qa5 Rcc6 30. Rab1 Qc7 31. Be4 Bc3 32. Qa2 Rxb1 33. Rxb1 Rb6 34. Bxb7 Qxb7 35. Rc1 Bf6 36. Qc4 Rb5 37. e4 Rc5 38. Qf1 Rxc1 39. Qxc1 Qxe4 40. Qc8+ Kg7 41. Qxa6 Qe1+ 42. Kh2 Qe6 43. Qd3 Qf5 44. Qe3 Be5 45. f4 Bf6 46. Qf3 h5 47. Bf2 e5 48. Be3 exf4 49. Bxf4 Qxf4+ 50. Qxf4 Be5 51. Kg3 g5 52. Qxe5+ dxe5 53. h4 Kg6 0-1

[Event "Titled Tuesday intern op 5th May"]
[Site "Chess.com INT"]
[Date "2020.05.05"]
[Round "7"]
[White "Astaneh Lopez, Alex"]
[Black "Balabayeva, Kseniya"]
[Result "1-0"]
[WhiteElo "2430"]
[BlackElo "2146"]
[PlyCount "89"]
[EventDate "2020.05.05"]
[EventType "swiss (blitz)"]
[EventRounds "10"]
[EventCountry "USA"]
[SourceTitle "EXT 2021"]
[Source "ChessBase"]
[SourceDate "2020.10.23"]
[SourceVersion "1"]
[SourceVersionDate "2020.10.23"]
[SourceQuality "1"]

1. Nf3 d5 2. b3 c5 3. Bb2 Nc6 4. e3 Bg4 5. Bb5 Qd7 6. h3 Bxf3 7. Qxf3 Nf6 8. c4 d4 9. exd4 cxd4 10. Bxc6 bxc6 11. Bxd4 Rd8 12. Bb2 Qe6+ 13. Qe3 Qxe3+ 14. dxe3 e6 15. Ke2 Be7 16. Rd1 0-0 17. Nc3 Bb4 18. Rxd8 Rxd8 19. Rd1 Rxd1 20. Nxd1 Kf8 21. Bd4 a5 22. Nb2 Nd7 23. Nd3 f6 24. e4 e5 25. Be3 Ke7 26. Bd2 Bxd2 27. Kxd2 Kd6 28. Kc3 c5 29. a3 g6 30. b4 axb4+ 31. axb4 cxb4+ 32. Kxb4 Kc6 33. c5 f5 34. exf5 gxf5 35. Kc4 e4 36. Nb4+ Kc7 37. Kd5 h6 38. c6 Nb8 39. Kc5 Kc8 40. Nd5 Na6+ 41. Kd6 h5 42. h4 Kd8 43. g3 Kc8 44. c7 Nxc7 45. Nxc7 1-0

[Event "Titled Tuesday intern op 5th May"]
[Site "Chess.com INT"]
[Date "2020.05.05"]
[Round "5"]
[White "Gonzalez, Francisco Silva"]
[Black "Astaneh Lopez, Alex"]
[Result "1-0"]
[WhiteElo "2049"]
[BlackElo "2430"]
[PlyCount "85"]
[EventDate "2020.05.05"]
[EventType "swiss (blitz)"]
[EventRounds "10"]
[EventCountry "USA"]
[SourceTitle "EXT 2021"]
[Source "ChessBase"]
[SourceDate "2020.10.23"]
[SourceVersion "1"]
[SourceVersionDate "2020.10.23"]
[SourceQuality "1"]

1. d4 Nf6 2. c4 e6 3. Nc3 Bb4 4. a3 Bxc3+ 5. bxc3 0-0 6. e3 d5 7. Bd3 c5 8. Ne2 Nc6 9. cxd5 exd5 10. f3 Re8 11. 0-0 Ne7 12. Ng3 b6 13. a4 a5 14. Bb5 Bd7 15. Bd3 Qc8 16. Ra2 Nf5 17. Ne2 Nxe3 18. Bxe3 Rxe3 19. Rb2 c4 20. Bc2 Qe8 21. Ng3 Rb8 22. Qd2 g6 23. h3 h5 24. Rfb1 h4 25. Nf1 Re2 26. Qg5 Kg7 27. Qxh4 Rxc2 28. Rxc2 Bf5 29. Re1 Qxa4 30. Rce2 Qa3 31. Ng3 Bd3 32. Re7 Qxc3 33. Qf4 Rf8 34. Qe5 a4 35. Re3 a3 36. Nh5+ gxh5 37. Qg5+ Kh7 38. Qxf6 Qc1+ 39. Kh2 Bg6 40. R3e6 Qh6 41. Rxb6 a2 42. Ra6 Qd2 43. Qxg6+ 1-0

[Event "Titled Tuesday intern op 21st April"]
[Site "Chess.com INT"]
[Date "2020.04.21"]
[Round "2"]
[White "Astaneh Lopez, Alex"]
[Black "Keinanen, Toivo"]
[Result "1/2-1/2"]
[WhiteElo "2430"]
[BlackElo "2462"]
[PlyCount "93"]
[EventDate "2020.04.21"]
[EventType "swiss (blitz)"]
[EventRounds "10"]
[EventCountry "USA"]
[SourceTitle "EXT 2021"]
[Source "ChessBase"]
[SourceDate "2020.10.23"]
[SourceVersion "1"]
[SourceVersionDate "2020.10.23"]
[SourceQuality "1"]

1. e4 c5 2. Nf3 g6 3. Bc4 Bg7 4. 0-0 d6 5. Re1 Nf6 6. h3 0-0 7. d3 Nc6 8. a3 Rb8 9. Nc3 a6 10. Bg5 b5 11. Ba2 Bb7 12. Qd2 Rc8 13. Bh6 Nd4 14. Nxd4 cxd4 15. Bxg7 Kxg7 16. Ne2 e5 17. c3 dxc3 18. Nxc3 Qb6 19. Rad1 Rfd8 20. d4 Qc7 21. Qg5 h6 22. Qg3 Qe7 23. Kh2 Nh5 24. Qf3 exd4 25. Nd5 Qe5+ 26. g3 Bxd5 27. Bxd5 Qf6 28. Qxf6+ Nxf6 29. Bb3 Nd7 30. Rxd4 Nc5 31. Ba2 Kf6 32. Kg2 Ke7 33. e5 d5 34. Rxd5 Nd3 35. Rb1 Rxd5 36. Bxd5 Rc2 37. Rf1 Rxb2 38. Bb7 a5 39. Ba6 Nxe5 40. Re1 Kf6 41. Rd1 Nc4 42. Rd3 Kg7 43. a4 Ne5 44. Re3 Nc4 45. Rd3 Ne5 46. Rd5 Nc4 47. Rd3 1/2-1/2